<?xml version="1.0" encoding="UTF-8"?>
<record
    xmlns:xsi="http://www.w3.org/2001/XMLSchema-instance"
    xsi:schemaLocation="http://www.loc.gov/MARC21/slim http://www.loc.gov/standards/marcxml/schema/MARC21slim.xsd"
    xmlns="http://www.loc.gov/MARC21/slim">

  <leader>00797cam a2200241 a 4500</leader>
  <controlfield tag="001">33</controlfield>
  <controlfield tag="003">BR-CuiBMT</controlfield>
  <controlfield tag="005">20231116034043.0</controlfield>
  <controlfield tag="008">230804s2021    mgb           000 0 por d</controlfield>
  <datafield tag="020" ind1=" " ind2=" ">
    <subfield code="a">9786555182736</subfield>
  </datafield>
  <datafield tag="040" ind1=" " ind2=" ">
    <subfield code="a">BR-CuiBMT</subfield>
    <subfield code="c">BR-CuiBMT</subfield>
  </datafield>
  <datafield tag="080" ind1=" " ind2=" ">
    <subfield code="a">346</subfield>
    <subfield code="2">2007</subfield>
  </datafield>
  <datafield tag="090" ind1=" " ind2=" ">
    <subfield code="a">346</subfield>
    <subfield code="b">T658c</subfield>
  </datafield>
  <datafield tag="100" ind1="1" ind2=" ">
    <subfield code="a">Tomkowski, F&#xE1;bio Goulart</subfield>
  </datafield>
  <datafield tag="245" ind1="1" ind2="0">
    <subfield code="a">Constitui&#xE7;&#xE3;o econ&#xF4;mica e produtividade /</subfield>
    <subfield code="c">F&#xE1;bio Goulart Tomkowski ; pref&#xE1;cios Ives Gandra da Silva Martins, Fernando Facury Scaff.</subfield>
  </datafield>
  <datafield tag="260" ind1=" " ind2=" ">
    <subfield code="a">Belo Horizonte :</subfield>
    <subfield code="b">F&#xF3;rum,</subfield>
    <subfield code="c">2021.</subfield>
  </datafield>
  <datafield tag="300" ind1=" " ind2=" ">
    <subfield code="a">376 p. ;</subfield>
    <subfield code="c">22 cm</subfield>
  </datafield>
  <datafield tag="504" ind1=" " ind2=" ">
    <subfield code="a">Inclui bibliografia.</subfield>
  </datafield>
  <datafield tag="650" ind1=" " ind2=" ">
    <subfield code="a">Direito econ&#xF4;mico</subfield>
    <subfield code="x">Produtividade</subfield>
  </datafield>
  <datafield tag="650" ind1=" " ind2=" ">
    <subfield code="a">Desenvolvimento sustent&#xE1;vel</subfield>
    <subfield code="x">Constitui&#xE7;&#xE3;o federal</subfield>
    <subfield code="z">Brasil</subfield>
    <subfield code="y">1988</subfield>
  </datafield>
  <datafield tag="650" ind1=" " ind2=" ">
    <subfield code="a">Produtividade</subfield>
    <subfield code="x">Economia</subfield>
  </datafield>
  <datafield tag="942" ind1=" " ind2=" ">
    <subfield code="2">udc</subfield>
    <subfield code="c">LV</subfield>
  </datafield>
  <datafield tag="952" ind1=" " ind2=" ">
    <subfield code="0">0</subfield>
    <subfield code="1">0</subfield>
    <subfield code="2">udc</subfield>
    <subfield code="4">0</subfield>
    <subfield code="7">0</subfield>
    <subfield code="a">BIBTCEMT</subfield>
    <subfield code="b">BIBTCEMT</subfield>
    <subfield code="d">2023-06-28</subfield>
    <subfield code="l">0</subfield>
    <subfield code="o">346 T658c</subfield>
    <subfield code="p">BIBTCEMT23080009</subfield>
    <subfield code="r">2023-08-04</subfield>
    <subfield code="t">Ex. 1</subfield>
    <subfield code="w">2023-08-04</subfield>
    <subfield code="y">LV</subfield>
  </datafield>
  <datafield tag="952" ind1=" " ind2=" ">
    <subfield code="0">0</subfield>
    <subfield code="1">0</subfield>
    <subfield code="2">udc</subfield>
    <subfield code="4">0</subfield>
    <subfield code="7">0</subfield>
    <subfield code="a">BIBTCEMT</subfield>
    <subfield code="b">BIBTCEMT</subfield>
    <subfield code="d">2023-11-22</subfield>
    <subfield code="l">0</subfield>
    <subfield code="o">346 T658c</subfield>
    <subfield code="p">BIBTCEMT23110835</subfield>
    <subfield code="r">2023-11-22</subfield>
    <subfield code="t">Ex. 2</subfield>
    <subfield code="w">2023-11-22</subfield>
    <subfield code="y">LV</subfield>
  </datafield>
  <datafield tag="952" ind1=" " ind2=" ">
    <subfield code="0">0</subfield>
    <subfield code="1">0</subfield>
    <subfield code="2">udc</subfield>
    <subfield code="4">0</subfield>
    <subfield code="7">0</subfield>
    <subfield code="a">BIBTCEMT</subfield>
    <subfield code="b">BIBTCEMT</subfield>
    <subfield code="d">2023-11-22</subfield>
    <subfield code="l">0</subfield>
    <subfield code="o">346 T658c</subfield>
    <subfield code="p">BIBTCEMT23110836</subfield>
    <subfield code="r">2023-11-22</subfield>
    <subfield code="t">Ex. 3</subfield>
    <subfield code="w">2023-11-22</subfield>
    <subfield code="y">LV</subfield>
  </datafield>
  <datafield tag="952" ind1=" " ind2=" ">
    <subfield code="0">0</subfield>
    <subfield code="1">0</subfield>
    <subfield code="2">udc</subfield>
    <subfield code="4">0</subfield>
    <subfield code="7">0</subfield>
    <subfield code="a">BIBTCEMT</subfield>
    <subfield code="b">BIBTCEMT</subfield>
    <subfield code="d">2023-11-22</subfield>
    <subfield code="l">0</subfield>
    <subfield code="o">346 T658c</subfield>
    <subfield code="p">BIBTCEMT23110837</subfield>
    <subfield code="r">2023-11-22</subfield>
    <subfield code="t">Ex. 4</subfield>
    <subfield code="w">2023-11-22</subfield>
    <subfield code="y">LV</subfield>
  </datafield>
  <datafield tag="999" ind1=" " ind2=" ">
    <subfield code="c">33</subfield>
    <subfield code="d">33</subfield>
  </datafield>
</record>
